00526 a2200121 4500020001500000082002100015110006000036245005000096260007000146300002200216650010600238710006000344 a9953005427 a707.956.9bT645h aThe Lebanese Association for Plastic Arts, Ashkal Alwan aHome Works II:bA Forum on Cultural Practices aBeirut, LebanonbThe Lebanese Association for Plastics Artsc2005 a300 pbcolc22 cm aartexexhibicionxpracticas culturalesxinvestigacion-artexhome works: a forum on cultural practices aThe Lebanese Association for Plastic Arts, Ashkal Alwan